000 00586nam a2200181Ia 4500
008 100917s9999 xx 000 0 und d
082 _b40350
100 _aबोरकर लक्ष्मीदास
245 _aचाल अेका रूपवतीची
260 _bप्रिया प्रकाशन
_c1973
300 _a167
365 _b10
520 _aकादंबरी
630 _aचाल अेका रूपवतीची
650 _aकादंबरी
730 _aचाल अेका रूपवतीची
942 _cBOOK
999 _c645744
_d645741